Podnikateľský plán vybraného podniku bakalárska práca

Uložené v:
Podrobná bibliografia
Hlavný autor: Lesková, Simona
Korporativný autor: Fakulta podnikového manažmentu EU. Katedra manažmentu
Ďalší autori: Čambalíková, Andrea, 1990-
Médium: Kniha
Jazyk:Slovak
Vydavateľské údaje: Bratislava 2021
Tagy: Pridať tag
Žiadne tagy, Buďte prvý, kto otaguje tento záznam!

MARC

LEADER 00000nbm a2200000 4500
001 0275708
005 20211108114925.3
041 0 |a slo 
044 |a SK 
245 1 0 |a Podnikateľský plán vybraného podniku  |b bakalárska práca  |c Simona Lesková ; školiteľ: Andrea Čambalíková 
264 1 |a Bratislava  |c 2021 
300 |a 60 s. 
100 1 |a Lesková, Simona 
700 1 |a Čambalíková, Andrea, 1990- 
710 2 |a Fakulta podnikového manažmentu EU. Katedra manažmentu